[Event "SLO-chT Central Superliga 14th"]
[Site "Slovenia"]
[Date "2013.11.14"]
[Round "7.3"]
[White "Sotirov, Pavle"]
[Black "Novakovic, Novica"]
[Result "1/2-1/2"]
[WhiteElo "1873"]
[BlackElo "1704"]
[PlyCount "120"]
[EventDate "2013.09.19"]
[EventType "team-tourn"]
[EventRounds "9"]
[EventCountry "SLO"]
[SourceTitle "EXT 2022"]
[Source "ChessBase"]
[SourceDate "2021.10.06"]
[SourceVersion "1"]
[SourceVersionDate "2021.10.06"]
[SourceQuality "1"]
[WhiteTeam "Visnja Gora Sticna"]
[BlackTeam "Komenda Popotnik"]
[WhiteTeamCountry "SLO"]
[BlackTeamCountry "SLO"]

1. d4 d5 2. e4 c6 3. e5 Bf5 4. Bd3 Bxd3 5. Qxd3 e6 6. Nf3 c5 7. c3 Nc6 8. a3 Qb6 9. 0-0 Nge7 10. dxc5 Qxc5 11. Be3 Qc4 12. Qxc4 dxc4 13. Nbd2 Na5 14. Bc5 Nf5 15. Bb4 Bxb4 16. axb4 Nb3 17. Nxb3 cxb3 18. Nd2 Ke7 19. Nxb3 Rhd8 20. Rfd1 Rxd1+ 21. Rxd1 Rd8 22. Rxd8 Kxd8 23. Kf1 Ne7 24. f4 Nd5 25. g3 Ne3+ 26. Ke2 Nc4 27. Nc5 Kc7 28. b3 Nb6 29. c4 Nc8 30. Kd3 Ne7 31. Ne4 h6 32. Nd6 f6 33. Ne8+ Kd7 34. Nxg7 fxe5 35. fxe5 Nc6 36. Ke4 Nxb4 37. Nh5 Nc6 38. Nf6+ Kd8 39. b4 Nxb4 40. Ng4 a5 41. Nxh6 b6 42. Ng4 a4 43. Kd4 a3 44. Kc3 a2 45. Kb2 Ke7 46. Nf2 Kf7 47. g4 Kg6 48. h4 Kh6 49. Ka1 Kg6 50. Kb2 Kh6 51. Ka1 Kg6 52. h5+ Kh6 53. Kb2 Kg5 54. Ka1 Kh6 55. Nd1 Kg5 56. Nc3 Nd3 57. Kxa2 Nxe5 58. Kb3 Nxg4 59. Na4 Ne3 60. Nxb6 Nxc4 1/2-1/2

[Event "SLO-chT Central Superliga 14th"]
[Site "Slovenia"]
[Date "2013.09.19"]
[Round "1.4"]
[White "Korosec, Stefan"]
[Black "Sotirov, Pavle"]
[Result "1/2-1/2"]
[WhiteElo "1716"]
[BlackElo "1873"]
[PlyCount "157"]
[EventDate "2013.09.19"]
[EventType "team-tourn"]
[EventRounds "9"]
[EventCountry "SLO"]
[SourceTitle "EXT 2022"]
[Source "ChessBase"]
[SourceDate "2021.10.06"]
[SourceVersion "1"]
[SourceVersionDate "2021.10.06"]
[SourceQuality "1"]
[WhiteTeam "Barob Smarca"]
[BlackTeam "Visnja Gora Sticna"]
[WhiteTeamCountry "SLO"]
[BlackTeamCountry "SLO"]

1. e4 e5 2. Nf3 Nc6 3. Bb5 Bc5 4. c3 d6 5. d4 exd4 6. cxd4 Bb4+ 7. Bd2 Bxd2+ 8. Nbxd2 Bd7 9. h3 a6 10. Ba4 Nge7 11. 0-0 0-0 12. Rc1 Ng6 13. Re1 Nf4 14. Bxc6 Bxc6 15. Nf1 Rc8 16. Ng3 Bd7 17. Qd2 Ng6 18. Rc3 c6 19. Rec1 h6 20. a3 Re8 21. Rb3 Rb8 22. Qb4 Qe7 23. Qd2 Rf8 24. Re3 f6 25. Nf5 Qe6 26. N3h4 Nxh4 27. Nxh4 Qf7 28. Rf3 Qh5 29. Nf5 Bxf5 30. Rxf5 Qe8 31. Re1 Qe7 32. Rf3 Rbe8 33. Rg3 Kh8 34. Rge3 Qf7 35. Qe2 Re7 36. Qd2 Rfe8 37. Qb4 Rd7 38. Qd2 Qg6 39. Rg3 Qh7 40. Rge3 Rde7 41. f3 Qg6 42. Qf2 Qf7 43. Qd2 Qh5 44. Qf2 Qa5 45. Kh1 Qb6 46. Qd2 Kg8 47. Qc3 Rc7 48. Qc4+ Kh8 49. Qc3 Rce7 50. Qd2 Qb5 51. Qc3 Qg5 52. Qd3 d5 53. Qe2 dxe4 54. fxe4 a5 55. Qc4 Qf4 56. Qd3 Qd6 57. Qc3 b6 58. R3e2 a4 59. Qd3 b5 60. Qc3 Rd8 61. Rd2 c5 62. d5 c4 63. Qa5 Rb8 64. Qc3 Rbe8 65. Rde2 Re5 66. Qf3 Rg5 67. Re3 Qe5 68. Qe2 h5 69. Qd2 Qd6 70. Qa5 Rb8 71. Qd2 h4 72. Qc3 Re5 73. Qd4 g5 74. Rf1 Kg7 75. Ref3 Rf8 76. Re3 Kg6 77. Ref3 Rf7 78. Re3 Qd7 79. Ref3 1/2-1/2

[Event "Ljubljana-chT 66th Superliga"]
[Site "Ljubljana"]
[Date "2013.03.21"]
[Round "9.2"]
[White "Sotirov, Pavle"]
[Black "Solmajer, Luka"]
[Result "0-1"]
[WhiteElo "1884"]
[BlackElo "2069"]
[PlyCount "153"]
[EventDate "2013.01.10"]
[EventType "team-tourn"]
[EventRounds "9"]
[EventCountry "SLO"]
[SourceTitle "EXT 2022"]
[Source "ChessBase"]
[SourceDate "2021.10.06"]
[SourceVersion "1"]
[SourceVersionDate "2021.10.06"]
[SourceQuality "1"]
[WhiteTeam "Visnja Gora Sticna"]
[BlackTeam "Klinicni Center"]
[WhiteTeamCountry "SLO"]
[BlackTeamCountry "SLO"]

1. e4 c5 2. c4 Nc6 3. Nf3 g6 4. Be2 Bg7 5. Nc3 e6 6. d3 Nge7 7. 0-0 0-0 8. Be3 Nd4 9. Rb1 d5 10. cxd5 exd5 11. Bg5 dxe4 12. Nxe4 h6 13. Be3 b6 14. Nxd4 cxd4 15. Bd2 Be6 16. b3 Nd5 17. Rc1 f5 18. Ng3 Nc3 19. Bxc3 dxc3 20. Qc2 b5 21. Bf3 Bd5 22. Bxd5+ Qxd5 23. Ne2 b4 24. Nf4 Qd6 25. g3 Rae8 26. Ng2 Bd4 27. Rce1 g5 28. Rxe8 Rxe8 29. Re1 Rxe1+ 30. Nxe1 f4 31. Kg2 Qd5+ 32. Kg1 fxg3 33. hxg3 Qe5 34. Kf1 Qf5 35. Kg2 Qe6 36. Qd1 a5 37. Nc2 Bb6 38. Qf3 Kg7 39. Qe4 Qxe4+ 40. dxe4 g4 41. f4 gxf3+ 42. Kxf3 Kf6 43. Kf4 Bc7+ 44. Kf3 Ke5 45. Ke3 Kf6 46. Kf3 Bb6 47. Kf4 Bd8 48. Kf3 Ke5 49. Ke3 Bg5+ 50. Kd3 Bd2 51. Nd4 Kf6 52. Nf3 Bc1 53. Nd4 Kg5 54. e5 Bd2 55. Ke4 Kg4 56. Kd3 Bg5 57. e6 Bf6 58. Nc6 Kxg3 59. e7 Bxe7 60. Nxe7 h5 61. Nf5+ Kf4 62. Nh4 Kg4 63. Ng2 h4 64. Ne3+ Kf3 65. Nf1 h3 66. Nh2+ Kg2 67. Ng4 Kf3 68. Ne3 h2 69. Nf1 Kg2 70. Nxh2 Kxh2 71. Ke2 Kg2 72. Ke3 Kf1 73. Kd3 Ke1 74. Kc2 Ke2 75. Kb1 Kd3 76. a3 bxa3 77. b4 0-1

[Event "Ljubljana Winter op"]
[Site "Ljubljana"]
[Date "2012.03.20"]
[Round "7"]
[White "Sotirov, Pavle"]
[Black "Drobnic, Milan"]
[Result "1-0"]
[WhiteElo "1842"]
[BlackElo "1679"]
[PlyCount "93"]
[EventDate "2012.01.04"]
[EventType "swiss"]
[EventRounds "9"]
[EventCountry "SLO"]
[SourceTitle "EXT 2023"]
[Source "ChessBase"]
[SourceDate "2022.10.05"]
[SourceVersion "1"]
[SourceVersionDate "2022.10.05"]
[SourceQuality "1"]

1. e4 Nf6 2. e5 Nd5 3. d4 d6 4. c4 Nb6 5. exd6 exd6 6. Nf3 Be7 7. Bd3 0-0 8. 0-0 Bg4 9. Be3 Bf6 10. Nbd2 Nc6 11. h3 Bh5 12. a3 Re8 13. Qc2 Bg6 14. Rad1 Qd7 15. b4 a6 16. Bxg6 hxg6 17. d5 Ne5 18. Nxe5 Bxe5 19. Nf3 Bf6 20. Qd3 Rad8 21. Rfe1 Nc8 22. Re2 Ne7 23. Rde1 Nf5 24. Nd4 Nxd4 25. Bxd4 Rxe2 26. Rxe2 Re8 27. Bxf6 Rxe2 28. Qxe2 gxf6 29. g3 Kf8 30. Kg2 Qe7 31. Kf3 Qe5 32. Qe3 Kg7 33. h4 Qxe3+ 34. Kxe3 f5 35. Kf4 Kf6 36. f3 b6 37. a4 Kg7 38. g4 fxg4 39. fxg4 Kh6 40. g5+ Kg7 41. Ke4 f6 42. gxf6+ Kxf6 43. Kf4 Kf7 44. Kg5 Kg7 45. a5 Kf7 46. b5 axb5 47. a6 1-0

[Event "Ljubljana Winter op"]
[Site "Ljubljana"]
[Date "2012.02.14"]
[Round "4"]
[White "Korosec, Stefan"]
[Black "Sotirov, Pavle"]
[Result "1/2-1/2"]
[WhiteElo "1760"]
[BlackElo "1842"]
[PlyCount "46"]
[EventDate "2012.01.04"]
[EventType "swiss"]
[EventRounds "9"]
[EventCountry "SLO"]
[SourceTitle "EXT 2023"]
[Source "ChessBase"]
[SourceDate "2022.10.05"]
[SourceVersion "1"]
[SourceVersionDate "2022.10.05"]
[SourceQuality "1"]

1. e4 e5 2. Nf3 Nc6 3. Bb5 Bc5 4. 0-0 d6 5. h3 Nf6 6. d3 h6 7. Be3 Bb6 8. Nc3 Bd7 9. a3 Qc8 10. Nh2 Ne7 11. Bxd7+ Qxd7 12. Bxb6 axb6 13. f4 exf4 14. Rxf4 Ng6 15. Rf2 0-0 16. Qf3 Ra5 17. Nd5 Nxd5 18. exd5 c6 19. dxc6 bxc6 20. d4 Rg5 21. Kh1 Nh4 22. Qf4 Ng6 23. Qf3 Nh4 1/2-1/2

[Event "Ljubljana-chT 65th Superliga"]
[Site "Ljubljana"]
[Date "2012.02.09"]
[Round "4.2"]
[White "Sotirov, Pavle"]
[Black "Vavpetic, Vide"]
[Result "1-0"]
[WhiteElo "1842"]
[BlackElo "2153"]
[PlyCount "60"]
[EventDate "2012.01.12"]
[EventType "team-tourn"]
[EventRounds "9"]
[EventCountry "SLO"]
[SourceTitle "EXT 2022"]
[Source "ChessBase"]
[SourceDate "2021.10.06"]
[SourceVersion "1"]
[SourceVersionDate "2021.10.06"]
[SourceQuality "1"]
[WhiteTeam "Visnja Gora Sticna"]
[BlackTeam "Domzale SD"]
[WhiteTeamCountry "SLO"]
[BlackTeamCountry "SLO"]

1. e4 d6 2. Nf3 Nf6 3. Nc3 g6 4. d4 Bg7 5. h3 0-0 6. Bd3 c6 7. Be3 b5 8. a3 Bb7 9. 0-0 Nbd7 10. Qd2 a6 11. b4 Rc8 12. Bh6 c5 13. bxc5 dxc5 14. d5 c4 15. Bxg7 Kxg7 16. Be2 Nc5 17. Qd4 Kg8 18. Rad1 Qa5 19. Ne5 Rfd8 20. Bg4 Ne6 21. Qe3 Nxg4 22. Nxg4 Nc5 23. Ne2 c3 24. Nh6+ Kg7 25. Qg5 f6 26. Qf4 Qxa3 27. Nd4 Qa4 28. f3 e5 29. Ndf5+ Kf8 30. Qh4 Nd7 1-0

[Event "Ljubljana Winter op"]
[Site "Ljubljana"]
[Date "2012.01.24"]
[Round "3"]
[White "Sotirov, Pavle"]
[Black "Trpin, Alenka"]
[Result "1/2-1/2"]
[WhiteElo "1842"]
[BlackElo "1783"]
[PlyCount "69"]
[EventDate "2012.01.04"]
[EventType "swiss"]
[EventRounds "9"]
[EventCountry "SLO"]
[SourceTitle "EXT 2023"]
[Source "ChessBase"]
[SourceDate "2022.10.05"]
[SourceVersion "1"]
[SourceVersionDate "2022.10.05"]
[SourceQuality "1"]

1. e4 c5 2. Nf3 d6 3. h3 Nf6 4. Nc3 g6 5. Bb5+ Bd7 6. Qe2 Nc6 7. a3 Bg7 8. Nd5 a6 9. Bc4 0-0 10. c3 e6 11. Nxf6+ Bxf6 12. 0-0 Rc8 13. d3 Ne7 14. Bh6 Bg7 15. Qd2 Bc6 16. Bxg7 Kxg7 17. Ng5 d5 18. exd5 Nxd5 19. Rad1 Qf6 20. Ne4 Qh4 21. f3 Qe7 22. Qf2 Bb5 23. Bxb5 axb5 24. c4 bxc4 25. dxc4 Nf6 26. Nxf6 Qxf6 27. Rd7 b6 28. Rfd1 Rfd8 29. Qd2 Rxd7 30. Qxd7 Ra8 31. Rd2 Qh4 32. Qd3 Ra4 33. Qc3+ Kg8 34. Rc2 Ra8 35. Rd2 1/2-1/2

[Event "Ljubljana Winter op"]
[Site "Ljubljana"]
[Date "2012.01.11"]
[Round "2"]
[White "Piber, Vinko"]
[Black "Sotirov, Pavle"]
[Result "0-1"]
[WhiteElo "1803"]
[BlackElo "1842"]
[PlyCount "74"]
[EventDate "2012.01.04"]
[EventType "swiss"]
[EventRounds "9"]
[EventCountry "SLO"]
[SourceTitle "EXT 2023"]
[Source "ChessBase"]
[SourceDate "2022.10.05"]
[SourceVersion "1"]
[SourceVersionDate "2022.10.05"]
[SourceQuality "1"]

1. e4 c6 2. d4 d5 3. Nd2 Nd7 4. c4 e6 5. Ngf3 Ne7 6. Bd3 Ng6 7. 0-0 Be7 8. a3 0-0 9. Re1 dxe4 10. Nxe4 Nf6 11. Be3 Ng4 12. Bd2 Nf6 13. Bc3 Nxe4 14. Rxe4 Bf6 15. Ne5 Bxe5 16. dxe5 c5 17. Qe2 b6 18. Rd1 Qe7 19. Bc2 Bb7 20. Rg4 Rfd8 21. Be4 Rxd1+ 22. Qxd1 Rd8 23. Qf3 Qd7 24. h4 h5 25. Rxg6 Bxe4 26. Qxe4 fxg6 27. Qxg6 Qf7 28. Qc2 Qf4 29. Qe2 Qxh4 30. f3 Qf4 31. Kf2 h4 32. b4 g5 33. Qc2 Kg7 34. bxc5 bxc5 35. Qa4 Qg3+ 36. Kf1 h3 37. gxh3 Qxf3+ 0-1

[Event "SLO-chT Central 1st League 12th"]
[Site "Slovenia"]
[Date "2011.10.06"]
[Round "4.2"]
[White "Sotirov, Pavle"]
[Black "Rojs, Igor"]
[Result "0-1"]
[WhiteElo "1846"]
[BlackElo "1946"]
[PlyCount "112"]
[EventDate "2011.09.08"]
[EventType "team-tourn"]
[EventRounds "9"]
[EventCountry "SLO"]
[SourceTitle "EXT 2022"]
[Source "ChessBase"]
[SourceDate "2021.10.06"]
[SourceVersion "1"]
[SourceVersionDate "2021.10.06"]
[SourceQuality "1"]
[WhiteTeam "Visnja Gora Sticna"]
[BlackTeam "Trzin Buscotrade"]
[WhiteTeamCountry "SLO"]
[BlackTeamCountry "SLO"]

1. d4 d5 2. Nf3 Nf6 3. g3 e6 4. Bg2 c5 5. c3 Nc6 6. 0-0 Be7 7. Na3 0-0 8. Nc2 b6 9. Re1 Ne4 10. Ne5 Bb7 11. f3 Nd6 12. Be3 Nxe5 13. dxe5 Nc4 14. f4 Nxb2 15. Qc1 Nc4 16. Bf2 f5 17. Rd1 Qe8 18. Ne3 Nxe3 19. Bxe3 c4 20. Bd4 Qa4 21. Qd2 Bc6 22. e3 Rfb8 23. Bf3 g6 24. h4 h5 25. a3 Be8 26. Rdb1 Qc6 27. a4 a6 28. Bd1 Rb7 29. Qa2 Rab8 30. Rb2 b5 31. axb5 axb5 32. Qa6 Qxa6 33. Rxa6 Kf7 34. Kf2 b4 35. Raa2 bxc3 36. Rxb7 Rxb7 37. Bxc3 Bc5 38. Ba4 Bxa4 39. Rxa4 Rb3 40. Bd4 Bxd4 41. exd4 Rd3 42. Ra7+ Ke8 43. Rg7 Rxd4 44. Rxg6 Kf7 45. Rf6+ Ke7 46. Rh6 c3 47. Rh7+ Kd8 48. Rh8+ Kd7 49. Rh7+ Kc6 50. Rh8 Kb5 51. Rc8 Rc4 52. Rb8+ Ka4 53. Rb1 c2 54. Rc1 Kb3 55. Ke2 Kb2 56. g4 hxg4 0-1